000 00610nam a2200241Ia 4500
003 OSt
005 20220924153624.0
006 a|||||r|||| 00| 0
007 ta
008 220923b |||||||| |||| 00| 0 tam d
024 _a351028
037 _cTextual
040 _aARTS
_cARTS
_btam
041 _2tam
_atam
082 _aO31,1M76x, P2
100 _aPerumal A K Au.
_9229406
245 0 _aKavimaniyin karithaigal
260 _c2002
650 _a TAMIL POETRY
650 _aTAMIL LITERATURE
942 _hO31,1M76x, P2
_cTEXL
_2CC
999 _c474282
_d474282